000
00202 a2200097 4500
001
4552
100
_a
Eckert,E.R.C
245
_a
Heat & mass transfer
260
_a
_b
Mcgrawhill
_c
090
_c
3749
_d
3749
942
_a
NUST-CAE
_c
M
_c
29988
999
_c
239625
_d
239625